000 00454nam a2200145Ia 4500
008 170224s9999 xx 000 0 und d
100 _aIndrit Troshani
245 _aInstitutionalising XBRL for financial reporting: resorting to regulation
245 _cIndrit Troshani, Lee D. Parker & Andy Lymer
260 _bAccounting and Business Research
260 _c2015
300 _a45:2, pages 196-228
650 _xAccountancy
650 _xAccounting
999 _c316091
_d316091